| 000 | 00482nam a22001697a 4500 | ||
|---|---|---|---|
| 003 | NUST - PNEC | ||
| 005 | 20170116180855.0 | ||
| 008 | 150828b xxu||||| |||| 00| 0 eng d | ||
| 020 | _a- | ||
| 040 | _cLIBRARY | ||
| 082 | _a551.46 BAR | ||
| 100 |
_95940 _aBarnes, H. |
||
| 245 |
_aApparatus and methods of oceanography Part one:Chemical _cH. Barnes |
||
| 260 |
_aLondon: _bGeorge Allen & Unwin Ltd., _c1959 |
||
| 650 |
_95943 _aOceangraphy, mechanical works _xME |
||
| 942 |
_2ddc _cBK |
||
| 999 |
_c64773 _d64773 |
||